01187nam a2200265Ia 4500001000600000003000500006008004100011010001100052020001800063040000900081082001700090100002900107245017900136250001100315260003600326300001600362500008700378503028600465650002000751650002000771700003500791700002900826700003800855700002800893Z_245CHAP220113s9999 xx 000 0 und d a163219 a968-6046-65-8 cCHAP a576 P45 19821 aPelczar, Michael J., Jr. aMicrobiología /cMichael J. Pelczar, Roger D. Reid y E. C. S. Chan; traducción Antonio Capella Bustos...[et al]; revición técnica Francisco García Torres...[et al] a2a ed. aMéxico :bMcGraw-Hill,c  axiv, 828 p. aTraducción de la obra en inglés: Microbiology de la 4a ed. en ingles de 1977 \ aej.1: s/n \ ej.2: C/E \ ej.3: 194986 \ ej.4: 194987 \ ej.5: 194989 \ ej.6: 194990 \ ej.7: 195330 \ ej.8: 195331 \ ej.11: reposición por el título: Brock, biología de los micoorganismos, 12a ed. de 2009) \ N. de Inventario no encontrados físicamente: 195329, 123563, 128805 aMicrobiología aMicroorganismos a Capella Bustos, Antonio, tr.  a Chan, E. C. S., coaut.  a García Torres, Francisco, rev. aReid, Roger D., coaut.